[Event "RSA-ch U12 Girls"]
[Site "Gauteng"]
[Date "2017.04.10"]
[Round "9"]
[White "Ismail, Imaan"]
[Black "Vather, Kasmira"]
[Result "0-1"]
[WhiteElo "1068"]
[BlackElo "1397"]
[PlyCount "72"]
[EventDate "2017.04.05"]
[EventType "swiss"]
[EventRounds "11"]
[EventCountry "RSA"]
[SourceTitle "CBM 177 Extra"]
[Source "ChessBase"]
[SourceDate "2017.04.27"]
[SourceVersion "1"]
[SourceVersionDate "2017.04.27"]
[SourceQuality "1"]

1. g3 c5 2. Bg2 d6 3. c4 Nf6 4. Nf3 e6 5. Nc3 a6 6. 0-0 Be7 7. a3 Nc6 8. Rb1 0-0 9. b4 Nd7 10. d4 cxd4 11. Nxd4 Nxd4 12. Qxd4 Bf6 13. Qd2 Qc7 14. Ne4 Be7 15. Rd1 Qxc4 16. Nxd6 Bxd6 17. Qxd6 Qxe2 18. Qd3 Qxd3 19. Rxd3 Rb8 20. Be3 Nf6 21. Bf4 Ra8 22. Rc1 h6 23. Rc7 Ne8 24. Re7 Nf6 25. Bxb7 Ra7 26. Bxc8 Rxe7 27. Bd6 Rd8 28. Bxe7 Rxd3 29. Bxa6 Rxa3 30. b5 Ra1+ 31. Kg2 Nd5 32. Bd6 Ra5 33. Kf3 g6 34. Ke4 Nc3+ 35. Kd4 Nxb5+ 36. Bxb5 Rxb5 0-1

[Event "RSA-ch U12 Girls"]
[Site "Gauteng"]
[Date "2017.04.09"]
[Round "8"]
[White "Vather, Kasmira"]
[Black "Datharam, Aarti"]
[Result "1-0"]
[WhiteElo "1397"]
[BlackElo "1248"]
[PlyCount "91"]
[EventDate "2017.04.05"]
[EventType "swiss"]
[EventRounds "11"]
[EventCountry "RSA"]
[SourceTitle "CBM 177 Extra"]
[Source "ChessBase"]
[SourceDate "2017.04.27"]
[SourceVersion "1"]
[SourceVersionDate "2017.04.27"]
[SourceQuality "1"]

1. d4 Nf6 2. c4 c5 3. d5 e6 4. Nc3 exd5 5. cxd5 d6 6. e4 g6 7. h3 Bg7 8. Nf3 0-0 9. Be2 Re8 10. Qc2 a6 11. a4 Nbd7 12. 0-0 Qc7 13. Bf4 c4 14. Nd2 Nc5 15. Bxc4 Rb8 16. Bd3 Nxd3 17. Qxd3 Nd7 18. Rfc1 Nc5 19. Qg3 Be5 20. Bxe5 dxe5 21. b4 Nd7 22. Nb5 Qb6 23. Nc4 Qd8 24. Nbd6 Re7 25. Na5 Nf6 26. Nxc8 Rxc8 27. Qf3 Nh5 28. Rxc8 Qxc8 29. Qe3 Rc7 30. Qd2 Rc2 31. Qd1 Rc7 32. Nb3 Nf6 33. f3 Rc4 34. Rc1 Rxc1 35. Qxc1 Qxc1+ 36. Nxc1 Kf8 37. Kf2 Ke7 38. Ke3 Nh5 39. Nd3 Kd6 40. g4 Nf6 41. f4 exf4+ 42. Kxf4 Ng8 43. Nc5 Kc7 44. Ke5 b6 45. Nxa6+ Kb7 46. b5 1-0

[Event "RSA-ch U12 Girls"]
[Site "Gauteng"]
[Date "2017.04.05"]
[Round "1"]
[White "Yacoob, Ameera Nazley"]
[Black "Vather, Kasmira"]
[Result "0-1"]
[WhiteElo "980"]
[BlackElo "1397"]
[PlyCount "79"]
[EventDate "2017.04.05"]
[EventType "swiss"]
[EventRounds "11"]
[EventCountry "RSA"]
[SourceTitle "CBM 177 Extra"]
[Source "ChessBase"]
[SourceDate "2017.04.27"]
[SourceVersion "1"]
[SourceVersionDate "2017.04.27"]
[SourceQuality "1"]

1. e4 c5 2. d4 cxd4 3. c3 d3 4. Bxd3 Nc6 5. Nf3 d6 6. h3 Nf6 7. Bc4 e6 8. Bg5 Be7 9. 0-0 Nxe4 10. Bxe7 Qxe7 11. Re1 Nf6 12. Bb5 0-0 13. c4 a6 14. Ba4 Qc7 15. Nc3 Na5 16. Rc1 b6 17. Qd3 Re8 18. Ne4 Nxe4 19. Qxe4 Bb7 20. Qd3 Nc6 21. Bc2 g6 22. Ng5 Nb4 23. Qd4 Nxa2 24. Rcd1 Bc8 25. Qh4 h5 26. g4 Qxc4 27. Bb1 Nb4 28. Rc1 Qf4 29. Ne4 Bb7 30. Rc4 Nd5 31. Ba2 Qh6 32. Rd4 Kf8 33. Bxd5 Bxd5 34. Nf6 g5 35. Qxg5 Qxg5 36. Nh7+ Kg7 37. Nxg5 hxg4 38. Rxg4 Kf6 39. Nh7+ Ke7 40. Rc1 0-1

[Event "Africa-ch U12 Girls"]
[Site "Port Elizabeth"]
[Date "2016.08.27"]
[Round "8"]
[White "Vather, Kasmira"]
[Black "Amin, Lila Mohamed"]
[Result "0-1"]
[WhiteElo "1063"]
[BlackElo "1397"]
[PlyCount "64"]
[EventDate "2016.08.22"]
[EventType "swiss"]
[EventRounds "9"]
[EventCountry "RSA"]
[SourceTitle "CBM 174 Extra"]
[Source "ChessBase"]
[SourceDate "2016.10.10"]
[SourceVersion "1"]
[SourceVersionDate "2016.10.10"]
[SourceQuality "1"]

1. d4 d5 2. c4 c6 3. cxd5 cxd5 4. Nc3 Nf6 5. e3 Bf5 6. h3 e6 7. Nf3 Be7 8. Be2 0-0 9. 0-0 Nc6 10. a3 a6 11. b4 b5 12. Bb2 Rc8 13. Rc1 Re8 14. Nb1 h6 15. Nbd2 Nd7 16. Nb3 Nb6 17. Nc5 Bxc5 18. dxc5 Nc4 19. Qb3 Be4 20. Rfd1 a5 21. Bxc4 Bxf3 22. gxf3 bxc4 23. Qc3 f6 24. f4 Rb8 25. Qe1 axb4 26. axb4 Nxb4 27. Qe2 Nd3 28. Rc2 Nxb2 29. Rxb2 Rxb2 30. Qxb2 Qa5 31. Qd4 Rc8 32. Ra1 Qxc5 0-1

[Event "RSA-ch U12 Girls"]
[Site "Bloemfontein"]
[Date "2016.03.23"]
[Round "6"]
[White "Vather, Kasmira"]
[Black "Putter, Nicola"]
[Result "1-0"]
[WhiteElo "1259"]
[BlackElo "1295"]
[PlyCount "91"]
[EventDate "2016.03.20"]
[EventType "swiss"]
[EventRounds "11"]
[EventCountry "RSA"]
[SourceTitle "CBM 171 Extra"]
[Source "ChessBase"]
[SourceDate "2016.04.26"]
[SourceVersion "1"]
[SourceVersionDate "2016.04.26"]
[SourceQuality "1"]

1. d4 d5 2. c4 e6 3. Nc3 Nf6 4. cxd5 exd5 5. Bg5 Be7 6. e3 c6 7. Bd3 0-0 8. Nf3 Nbd7 9. Qc2 Re8 10. 0-0 Nf8 11. Rab1 a5 12. a3 Ng6 13. Rfc1 Bd6 14. e4 Be7 15. e5 Nd7 16. Bxe7 Qxe7 17. b4 axb4 18. axb4 b5 19. Ne2 Bb7 20. Ng3 Qf8 21. Nf5 Nb8 22. Nd6 Re7 23. Ra1 Rxa1 24. Rxa1 Na6 25. Bxg6 fxg6 26. Qc3 Qa8 27. Qa3 Nc7 28. Qxa8+ Bxa8 29. Ra7 h6 30. Nc8 Kf8 31. Nxe7 Kxe7 32. Rxc7+ Ke6 33. Rxg7 Kf5 34. Nh4+ Ke4 35. e6 Kxd4 36. e7 Kc4 37. e8Q d4 38. Qxa8 c5 39. bxc5 Kxc5 40. Rc7+ Kb4 41. Qd5 d3 42. Qd4+ Kb3 43. Qxd3+ Kb4 44. Qb1+ Ka5 45. Qa2+ Kb6 46. Qa7# 1-0

[Event "RSA-ch U12 Girls"]
[Site "Bloemfontein"]
[Date "2016.03.20"]
[Round "1"]
[White "Du Preez, Sune"]
[Black "Vather, Kasmira"]
[Result "0-1"]
[WhiteElo "1033"]
[BlackElo "1259"]
[PlyCount "78"]
[EventDate "2016.03.20"]
[EventType "swiss"]
[EventRounds "11"]
[EventCountry "RSA"]
[SourceTitle "CBM 171 Extra"]
[Source "ChessBase"]
[SourceDate "2016.04.26"]
[SourceVersion "1"]
[SourceVersionDate "2016.04.26"]
[SourceQuality "1"]

1. e4 c5 2. d4 cxd4 3. c3 dxc3 4. Nxc3 d6 5. Nf3 a6 6. h3 e6 7. Bc4 b5 8. Bb3 Nf6 9. Bg5 Be7 10. Be3 Nbd7 11. 0-0 0-0 12. Nd4 Bb7 13. Qf3 b4 14. Nce2 Bxe4 15. Qg3 Nh5 16. Qg4 Bg6 17. Nc6 Qe8 18. Nf4 Ndf6 19. Nxe7+ Qxe7 20. Nxg6 hxg6 21. Qxb4 Ne8 22. Rac1 Nc7 23. Qa5 Rfc8 24. Bb6 Ne8 25. Rfe1 Rcb8 26. Bd5 Nf4 27. Bxa8 Nd3 28. Qxa6 Nxe1 29. Rxe1 d5 30. Rc1 Qd6 31. Rc8 Rxb6 32. Rxe8+ Kh7 33. Qc8 g5 34. Rh8+ Kg6 35. Qg8 Rxb2 36. g3 Qc5 37. Qh7+ Kf6 38. g4 Qxf2+ 39. Kh1 Qh2# 0-1

[Event "RSA-ch U10 Girls"]
[Site "Waterkloof"]
[Date "2015.04.07"]
[Round "6"]
[White "Van Niekerk, Natasha Isabel"]
[Black "Vather, Kasmira"]
[Result "1/2-1/2"]
[WhiteElo "1053"]
[BlackElo "976"]
[PlyCount "74"]
[EventDate "2015.04.04"]
[EventType "swiss"]
[EventRounds "9"]
[EventCountry "RSA"]
[SourceTitle "CBM 166 Extra"]
[Source "ChessBase"]
[SourceDate "2015.06.18"]
[SourceVersion "1"]
[SourceVersionDate "2015.06.18"]
[SourceQuality "1"]

1. d4 d5 2. c4 e6 3. Nc3 Nf6 4. Nf3 Be7 5. Bg5 0-0 6. e3 Nbd7 7. Bd3 dxc4 8. Bxc4 b6 9. 0-0 Bb7 10. Bd3 Re8 11. Re1 Nf8 12. Ne5 Ne4 13. Bxe4 Bxe4 14. Bxe7 Qxe7 15. Nxe4 f6 16. Nd3 Qf7 17. Qf3 f5 18. Nd2 Rad8 19. Rac1 c5 20. Rc4 cxd4 21. Rxd4 Qf6 22. Nb3 e5 23. Rxd8 Rxd8 24. e4 fxe4 25. Qxe4 Qg6 26. Qxg6 Nxg6 27. Ndc1 Rc8 28. h3 Rc2 29. Nd3 a5 30. Nxe5 Nxe5 31. Rxe5 Rxb2 32. Re8+ Kf7 33. Rb8 Rxa2 34. Rxb6 a4 35. Nd4 a3 36. Ra6 Rd2 37. Rxa3 Rxd4 1/2-1/2

[Event "RSA-ch U10 Girls"]
[Site "Waterkloof"]
[Date "2015.04.06"]
[Round "3"]
[White "Vather, Kasmira"]
[Black "Brugman, Lisa"]
[Result "1-0"]
[WhiteElo "976"]
[BlackElo "904"]
[PlyCount "69"]
[EventDate "2015.04.04"]
[EventType "swiss"]
[EventRounds "9"]
[EventCountry "RSA"]
[SourceTitle "CBM 166 Extra"]
[Source "ChessBase"]
[SourceDate "2015.06.18"]
[SourceVersion "1"]
[SourceVersionDate "2015.06.18"]
[SourceQuality "1"]

1. e4 e5 2. Nf3 Nc6 3. d4 exd4 4. Nxd4 Qf6 5. Be3 Bc5 6. c3 Nge7 7. Bc4 Qg6 8. Nd2 Qxg2 9. Qf3 Qxf3 10. N2xf3 0-0 11. Nxc6 Re8 12. Bxc5 Nxc6 13. 0-0-0 d6 14. Be3 Bg4 15. Be2 Ne5 16. Ng1 Be6 17. a3 Bb3 18. Re1 d5 19. Rf1 dxe4 20. Bd4 Bd5 21. Nh3 e3 22. Rhg1 exf2 23. Rxf2 b6 24. Rf5 f6 25. Rxf6 Nd7 26. Rf2 c5 27. Rxg7+ Kh8 28. Rxd7+ Kg8 29. Rxd5 cxd4 30. Rxd4 Re7 31. Bc4+ Kg7 32. Rg4+ Kh8 33. Rfg2 h5 34. Rg5 Kh7 35. Rxh5# 1-0